| 000 | 00782nam a2200193 a 4500 | ||
|---|---|---|---|
| 008 | 130423s2005 ||||||||||||||||| || u | ||
| 020 | _a0415351316 | ||
| 050 | _aHM 711 Com | ||
| 100 | _aGriffin, Douglas | ||
| 245 | 1 | 2 |
_aA comlexity perspective on researching organizations: taking experience seriously _cedited by Ralph Stacey and Douglas Griffin |
| 260 |
_aNew York: _bRoutledge _c2005 |
||
| 300 | _avii, 206p.: ill. | ||
| 500 | _a References | ||
| 650 | _aMANAGEMENT--RESEARCH--METHODOLGY | ||
| 650 | _aCOMPLEX ORGANIZATIONS--RESEARCH--METHODOLOGY | ||
| 650 | _aPARTICIPANT OBSERVATION | ||
| 700 | _aStacey, Ralph | ||
| 995 |
_FCBU-MAIN LIBRARY (Kitwe) _M1 _UAVAILABLE _WJun 26, 2013 _ZMain Library Open Access Collection |
||
| 999 |
_c37777 _d37777 |
||